000 00388nam a2200169Ia 4500
008 170705s9999 xx 000 0 und d
020 _a9780545649339
245 _aAwesome autumns /
245 _cBruce Goldstone.
260 _aNew York :
260 _bScholastic,
260 _c2012
300 _aunpaged :
300 _bcolor illustration ;
300 _c28cm.
500 _a690
999 _c336978
_d336978